Mưu sinh bằng nghề tự do = Earning without being employed
Cách kiếm tiền mà không cần phải trở thành viên chức
Đã lưu trong:
| Tác giả chính: | |
|---|---|
| Định dạng: | Sách |
| Ngôn ngữ: | Undetermined |
| Được phát hành: |
Hà Nội
Văn hóa thông tin
2014
|
| Những chủ đề: | |
| Các nhãn: |
Thêm thẻ
Không có thẻ, Là người đầu tiên thẻ bản ghi này!
|
| Thư viện lưu trữ: | Trung tâm Học liệu Trường Đại học Cần Thơ |
|---|
| LEADER | 00738nam a2200229Ia 4500 | ||
|---|---|---|---|
| 001 | CTU_202824 | ||
| 008 | 210402s9999 xx 000 0 und d | ||
| 020 | |c 45000 | ||
| 082 | |a 658.1 | ||
| 082 | |b E92 | ||
| 100 | |a Evarts, Jeff | ||
| 245 | 0 | |a Mưu sinh bằng nghề tự do = | |
| 245 | 0 | |b Earning without being employed | |
| 245 | 0 | |c Jeff Evarts ; Thành Khang, Diệu Xuân (dịch) | |
| 260 | |a Hà Nội | ||
| 260 | |b Văn hóa thông tin | ||
| 260 | |c 2014 | ||
| 520 | |a Cách kiếm tiền mà không cần phải trở thành viên chức | ||
| 650 | |a Tự làm chủ,Self-employed | ||
| 904 | |i Nguyên | ||
| 910 | |a Khoa | ||
| 980 | |a Trung tâm Học liệu Trường Đại học Cần Thơ | ||